00647nam a2200169Ia 4500008004000000020001800040082001600058100004700074245005500121260007500176300001200251650001700263690001500280906001100295999001900306952015200325210210b1998 xxu||||| |||| 00| 0 eng d a0 534 52821 X a111.85 BLOC aBLOCKER (Gene H) and JEFFERS (Jennifer M). aContextualizing aesthetics: from plato to lyotard. aNew York.bWadsworth Publishing Company, Thomson Publishing Co.,c1998 axxi,348 aAesthetics  aPhilosophy a057673 c105163d105163 001040708PhilosophyaALbALcPhilosophyd2021-02-17eBook World, Mangalore.g620.00l0o111.85 BLOCp057673r2021-02-17 00:00:00w2021-02-17yBK